[Event "TUR-chT2"]
[Site "Konya"]
[Date "2011.07.07"]
[Round "5"]
[White "Kayabolen, Alisan"]
[Black "Zeydan, Salih"]
[Result "0-1"]
[WhiteElo "1920"]
[BlackElo "1926"]
[PlyCount "96"]
[EventDate "2011.07.04"]
[EventType "team-swiss"]
[EventRounds "9"]
[EventCountry "TUR"]
[SourceTitle "CBM 143 Extra"]
[Source "ChessBase"]
[SourceDate "2011.08.29"]
[SourceVersion "1"]
[SourceVersionDate "2011.08.29"]
[SourceQuality "1"]
[WhiteTeam "Beyaz Kale Hatay"]
[BlackTeam "Istanbul Sisli"]
[WhiteTeamCountry "TUR"]
[BlackTeamCountry "TUR"]

1. e4 c5 2. Nf3 e6 3. c3 Nf6 4. e5 Nd5 5. g3 d6 6. exd6 Bxd6 7. Bg2 0-0 8. 0-0 Nc6 9. d4 Qc7 10. Na3 a6 11. Nc4 Be7 12. dxc5 Bxc5 13. a4 Rd8 14. Qe2 b6 15. Nfe5 Nxe5 16. Qxe5 Ra7 17. Qxc7 Rxc7 18. Bxd5 exd5 19. Bf4 Bxf2+ 20. Rxf2 Rxc4 21. Be5 Re8 22. Bd4 Rc6 23. Rd2 Bf5 24. Bf2 Be4 25. Re1 f5 26. Be3 h6 27. h4 Kf7 28. Rf1 Kg6 29. Kf2 Kh5 30. Rg1 g5 31. hxg5 hxg5 32. g4+ fxg4 33. Kg3 Bf3 34. Rh2+ Kg6 35. Bd4 Rce6 36. Rf2 Kf5 37. b4 Rh6 38. Rxf3+ gxf3 39. Kxf3 b5 40. axb5 axb5 41. Rg3 Rh2 42. Be3 g4+ 43. Rxg4 Rxe3+ 44. Kxe3 Kxg4 45. Kd4 Rd2+ 46. Kc5 Rd3 47. Kxb5 Rxc3 48. Ka4 d4 0-1

[Event "TUR-chT2"]
[Site "Konya"]
[Date "2011.07.05"]
[Round "2"]
[White "Gundogan, Cem"]
[Black "Kayabolen, Alisan"]
[Result "1-0"]
[WhiteElo "1823"]
[BlackElo "1920"]
[PlyCount "49"]
[EventDate "2011.07.04"]
[EventType "team-swiss"]
[EventRounds "9"]
[EventCountry "TUR"]
[SourceTitle "CBM 143 Extra"]
[Source "ChessBase"]
[SourceDate "2011.08.29"]
[SourceVersion "1"]
[SourceVersionDate "2011.08.29"]
[SourceQuality "1"]
[WhiteTeam "Azdur Ordu"]
[BlackTeam "Beyaz Kale Hatay"]
[WhiteTeamCountry "TUR"]
[BlackTeamCountry "TUR"]

1. e4 c5 2. Nf3 d6 3. d4 cxd4 4. Qxd4 Nc6 5. Bb5 Bd7 6. Bxc6 bxc6 7. e5 d5 8. c4 e6 9. 0-0 c5 10. Qf4 h6 11. Nc3 Ne7 12. cxd5 exd5 13. Rd1 d4 14. Ne4 Ng6 15. Qg3 a5 16. h4 h5 17. Nfg5 Bf5 18. Qf3 Qc8 19. Nxf7 Kxf7 20. e6+ Kxe6 21. Qb3+ Kd7 22. Qd5+ Kc7 23. Nxc5 Bd6 24. Bg5 Rb8 25. Rac1 1-0

[Event "TUR-chT"]
[Site "Konya"]
[Date "2010.07.02"]
[Round "5"]
[White "Kayabolen, Alisan"]
[Black "Korkmaz, Necmettin"]
[Result "0-1"]
[WhiteElo "1920"]
[BlackElo "2199"]
[PlyCount "52"]
[EventDate "2010.06.29"]
[EventType "team-tourn"]
[EventRounds "13"]
[EventCountry "TUR"]
[SourceTitle "CBM 137 Extra"]
[Source "ChessBase"]
[SourceDate "2010.09.01"]
[SourceVersion "1"]
[SourceVersionDate "2010.09.01"]
[SourceQuality "1"]

1. e4 e6 2. d4 d5 3. Nd2 dxe4 4. Nxe4 Bd7 5. Nf3 Bc6 6. Bd3 Nd7 7. 0-0 Ngf6 8. Ng3 Bd6 9. c3 Qe7 10. Re1 g6 11. c4 b6 12. d5 Bb7 13. dxe6 fxe6 14. Ng5 e5 15. f4 0-0-0 16. N3e4 Bc5+ 17. Kh1 h6 18. Nxf6 hxg5 19. fxg5 Nxf6 20. gxf6 Qh7 21. Qg4+ Kb8 22. Bf4 exf4 23. Qxf4 Bd6 24. Re5 Bxe5 25. Qxe5 Rxd3 26. f7 Rhd8 0-1